【プロ野球】 2026年 読売ジャイアンツ 応援歌 - Statistics

General Stats
  • This quiz has been taken 13 times
  • The average score is 17 of 32
Answer Stats
応援歌 選手名 % Correct
誰より強くさらなる高みへ この大歓声が君の味方ださあ我らと行こう 〇〇〇〇 丸佳浩
100%
オオオ オオオ オオオ オオオ オー燃えろ 誰よりも強く勇ましく オオオオオオ お前が立つその場所は 熱気の渦が巻く 〇〇 炎となれ 坂本勇人
92%
好守に巧打 結果(こたえ)を見せつけて輝く道を 駆け抜けろ〇〇 吉川尚輝
83%
華麗なプレーで 創れ新たな時代 信じた野球道は 未来(あす)への架け橋 〇〇の決意 力の限り 貫け〇〇 門脇誠
75%
要の矜持を胸に 放つ勝利の矢 目に焼きつけよう 〇〇〇〇を 甲斐拓也
75%
宿りし力 解き放て 豪快フルパワー スタンド沸かす一打  無限の彼方へ 飛ばせ〇〇 リチャード
75%
魂滾らせ 巧打で切り込め 憧れのフィールドで 熱く剛く行く 松本剛
67%
戦い抜く君は 迷いなくその先へ 夢を貫く弓矢 今放て〇〇 キャベッジ
67%
狙い定めた一打 左右に弾き返せ 決めろ〇〇 歓声を浴びながら 泉口友汰
67%
走れ走れよ ネクストベースへ ホームまで駆け抜けろ〇〇〇〇 GO GO 増田大輝
58%
魅せろ華麗なステージ しなる豪腕眩しく翔けそれ征け〇〇 明日を目指して 戸郷翔征
58%
鋭いまなざし 満ちあふれる男気魅せろパワーフルスイング ぶち込め〇〇 大城卓三
58%
高みを目指しどこまでも 勝利に向かって走れ 〇〇今だ打てよ 誇りを胸に 佐々木俊輔
58%
伝説をこの場所で さぁ見せてくれ 拳上げ夢の続き 描けあの空へ 田中将大
50%
今魅せろ強肩を 扇の要夢バットに託し 戦え〇〇 小林誠司
50%
守り攻め進めよ 縦と剣構え さぁチームを笑顔に 導けよ〇〇 岸田行倫
50%
狼煙上げて どこまでも 栄光目指し駆け抜けろさあ!行こうぜ〇〇 風を吹き荒らせ 若林楽人
50%
赤い情熱 星を掴み取れ 優れたセンスで攻めろ 志高く 赤星優志
42%
行け〇〇 努力を重ねて 我らの願い白球(たま)に乗せ 打て〇〇決めろ 中山礼都
42%
見せろ今 君の熱き想い 不屈の闘志超えろ今 君の架けたアーチ 未来へ振り抜け 増田陸
42%
今日もチームを 勝ちに導け 左腕に託す希望(のぞみ) 〇〇〇〇 井上温大
42%
お前の出番ゆくぞ 敵を打ち砕け(〇〇!)巨人に勝利の旋風 巻き起こせよ ヒッターズテーマA
42%
海越え 僕らのためにやってきたLet's Fight(〇〇!)Let's Charge(〇〇!) ホームラン ヒッターズテーマB
42%
煌めくセンス磨き たゆまぬ努力重ね輝け今スマイル 行こうぜ〇〇〇〇 萩尾匡也
33%
その手の白球で 勝利へ一歩ずつ共に掴むぞビクトリー 強気の勝負で 山﨑伊織
33%
昂るその想い 右腕に込め 大きな夢を描いて 強気見せ頂へ 則本昂大
33%
熱く強く 歓喜の渦へ さあ今だ戦え(〇〇!) さあ今だ翔け(〇〇!) 獅子奮迅〇〇 この熱き舞台で 浅野翔吾
33%
チームを信じて 大きく投げ込め ダイナミックに敵を倒して 勝利の凱旋だ 横川凱
33%
最高の笑顔 見せてくれ〇〇 明るくたくましく 導けよ永久に 阿部慎之助
33%
海越えこの地で(〇〇!) 君が主役だ(〇〇!)多彩なボールでビクトリー 夢を叶えよう ピッチャーズテーマ3
33%
まぶしく輝け(〇〇!) この時に 勝負さ今こそ つかめよ勝利の星 ピッチャーズテーマ1
17%
ゆけ火消しだリリーフよ 消せ火の粉をリリーフよ牙をむいて立ち向かえよ 男の出番 ピッチャーズテーマ2
17%
No matching quizzes found
Score Distribution
Percent of People with Each Score
Percentile by Number Answered
Your Score History
You have not taken this quiz